000 01057 a2200241 4500
003 Nust
005 20220803161100.0
010 _a 97014869
020 _a0240802950 (pbk. : alk. paper)
040 _cNust
082 0 0 _a621.38,ING
100 1 _aInglis, Andrew F.
_996470
245 1 0 _aSatellite technology :
_ban introduction /
_cA.F. Inglis and A.C. Luther.
250 _a2nd ed.
260 _aBoston, Mass :
_bFocal Press,
_cc1997.
300 _axiii, 134 p. :
_bill. ;
_c24 cm.
505 _aSatellite Comm. Sys (Page-1), Satellite In Radio And Tv (Page-19), Earth Stations (Page-47), Station Planning (Page-75), FCC Rules And Procedures (Page-93),.Earth Station Operation And Maintenance (Page-99), Satellite Services And Earth Station Equipment (Page-107).
650 0 _aTelecommunication Engineering.
700 1 _aLuther, Arch C.
_975651
856 4 2 _3Publisher description
_uhttp://www.loc.gov/catdir/description/els032/97014869.html
856 4 2 _3Table of contents
_uhttp://www.loc.gov/catdir/toc/els032/97014869.html
942 _cREF
_2ddc
999 _c175632
_d175632